[Event "European Individual Blitz Chess Championship 2016"]
[Site "?"]
[Date "2016.12.17"]
[Round "1.25"]
[White "Kobalia, Mikhail"]
[Black "Bekasovs, Rihards"]
[Result "1-0"]
[BlackElo "1971"]
[WhiteElo "2625"]
[LiveChessVersion "1.4.7"]

1. e4 {[%clk 0:03:03]} e6 {[%clk 0:03:04]} 2. d3 {[%clk 0:03:04]} d5
{[%clk 0:03:03]} 3. Nd2 {[%clk 0:03:04]} Nf6 {[%clk 0:03:04]} 4. Ngf3
{[%clk 0:03:04]} dxe4 {[%clk 0:03:05]} 5. dxe4 {[%clk 0:03:04]} c5
{[%clk 0:03:05]} 6. e5 {[%clk 0:02:44]} Nd5 {[%clk 0:03:04]} 7. Ne4
{[%clk 0:02:41]} Nc6 {[%clk 0:03:03]} 8. a3 {[%clk 0:02:36]} Be7 {[%clk 0:02:11]}
9. c4 {[%clk 0:02:37]} Nb6 {[%clk 0:02:10]} 10. Qxd8+ {[%clk 0:02:37]} Kxd8
{[%clk 0:01:52]} 11. Bf4 {[%clk 0:02:30]} Kc7 {[%clk 0:01:46]} 12. O-O-O
{[%clk 0:02:30]} Bd7 {[%clk 0:00:57]} 13. Nd6 {[%clk 0:02:31]} Rhf8
{[%clk 0:00:57]} 14. Nb5+ {[%clk 0:02:22]} Kc8 {[%clk 0:00:59]} 15. Be2
{[%clk 0:02:23]} a6 {[%clk 0:00:55]} 16. Nd6+ {[%clk 0:02:24]} Kc7
{[%clk 0:00:56]} 17. Rd2 {[%clk 0:02:06]} Rad8 {[%clk 0:00:50]} 18. Rhd1
{[%clk 0:02:06]} h6 {[%clk 0:00:50]} 19. h4 {[%clk 0:02:05]} Bc8 {[%clk 0:00:43]}
20. b3 {[%clk 0:02:00]} Bd7 {[%clk 0:00:12]} 21. h5 {[%clk 0:02:01]} Nc8
{[%clk 0:00:10]} 22. Nxb7 {[%clk 0:01:49]} Kxb7 {[%clk 0:00:06]} 23. Rxd7+
{[%clk 0:01:50]} Rxd7 {[%clk 0:00:08]} 24. Rxd7+ {[%clk 0:01:51]} Kb8
{[%clk 0:00:06]} 25. Bd1 {[%clk 0:01:38]} Rd8 {[%clk 0:00:07]} 26. Rxd8
{[%clk 0:01:39]} Nxd8 {[%clk 0:00:05]} 27. Bc2 {[%clk 0:01:36]} Nc6
{[%clk 0:00:06]} 28. Be4 {[%clk 0:01:37]} Kc7 {[%clk 0:00:07]} 29. Kc2
{[%clk 0:01:35]} Nb6 {[%clk 0:00:08]} 30. Bxc6 {[%clk 0:01:30]} Kxc6 31. Kd3 Nd7
{[%clk 0:00:05]} 32. g4 {[%clk 0:01:32]} f6 {[%clk 0:00:03]} 33. Ke4
{[%clk 0:01:32]} Nb8 {[%clk 0:00:03]} 34. exf6 {[%clk 0:01:26]} Kd5+ 1-0

[Event "European Individual Blitz Chess Championship 2016"]
[Site "?"]
[Date "2016.12.17"]
[Round "1.29"]
[White "Fridman, Daniel"]
[Black "Bettazzi, Daniele"]
[Result "1-0"]
[BlackElo "1964"]
[WhiteElo "2610"]
[LiveChessVersion "1.4.7"]

1. Nf3 {[%clk 0:03:02]} g6 {[%clk 0:03:04]} 2. d4 {[%clk 0:03:03]} Bg7
{[%clk 0:03:05]} 3. c4 {[%clk 0:03:03]} c5 {[%clk 0:03:06]} 4. e4
{[%clk 0:03:04]} cxd4 {[%clk 0:03:07]} 5. Nxd4 {[%clk 0:03:05]} Nc6
{[%clk 0:03:08]} 6. Be3 {[%clk 0:03:05]} Nf6 {[%clk 0:03:06]} 7. Nc3
{[%clk 0:03:04]} O-O {[%clk 0:03:06]} 8. Be2 {[%clk 0:03:04]} b6 {[%clk 0:02:55]}
9. O-O {[%clk 0:03:03]} Bb7 {[%clk 0:02:56]} 10. f3 {[%clk 0:03:03]} Rc8
{[%clk 0:02:54]} 11. Rc1 {[%clk 0:03:02]} d6 {[%clk 0:02:46]} 12. Qd2
{[%clk 0:03:01]} Nd7 {[%clk 0:02:44]} 13. Nxc6 {[%clk 0:02:53]} Bxc6
{[%clk 0:02:42]} 14. b4 {[%clk 0:02:53]} Bb7 {[%clk 0:02:35]} 15. Rfd1
{[%clk 0:02:48]} Ne5 {[%clk 0:02:34]} 16. Nb5 {[%clk 0:02:48]} a6
{[%clk 0:02:18]} 17. Nd4 {[%clk 0:02:48]} Qd7 {[%clk 0:02:10]} 18. Nb3
{[%clk 0:02:48]} b5 {[%clk 0:02:01]} 19. c5 {[%clk 0:02:48]} Rfd8
{[%clk 0:01:42]} 20. Na5 {[%clk 0:02:23]} Ba8 {[%clk 0:01:33]} 21. cxd6
{[%clk 0:02:23]} Rxc1 {[%clk 0:01:30]} 22. Rxc1 {[%clk 0:02:21]} exd6
{[%clk 0:01:18]} 23. Bb6 {[%clk 0:02:17]} Rc8 {[%clk 0:00:52]} 24. Rxc8+
{[%clk 0:02:09]} Qxc8 {[%clk 0:00:54]} 25. Qxd6 {[%clk 0:02:07]} Nc4
{[%clk 0:00:46]} 26. Nxc4 {[%clk 0:01:17]} bxc4 {[%clk 0:00:45]} 27. Qd8+
{[%clk 0:01:15]} Qxd8 {[%clk 0:00:45]} 28. Bxd8 {[%clk 0:01:16]} c3
{[%clk 0:00:45]} 29. Bg5 {[%clk 0:01:13]} c2 {[%clk 0:00:41]} 30. Bc1
{[%clk 0:01:13]} Bb7 {[%clk 0:00:37]} 31. Bd3 {[%clk 0:01:10]} Bc3
{[%clk 0:00:35]} 32. a3 {[%clk 0:01:10]} Kf8 {[%clk 0:00:21]} 33. Bxc2
{[%clk 0:01:09]} Ke7 {[%clk 0:00:22]} 34. Bd3 {[%clk 0:01:09]} Kd6
{[%clk 0:00:21]} 35. Kf1 {[%clk 0:01:08]} a5 {[%clk 0:00:21]} 36. bxa5
{[%clk 0:01:07]} Bxa5 {[%clk 0:00:21]} 37. Ke2 {[%clk 0:01:07]} Kc5
{[%clk 0:00:19]} 38. Be3+ {[%clk 0:01:06]} Kd6 {[%clk 0:00:17]} 39. Bd4
{[%clk 0:01:06]} Bc6 {[%clk 0:00:16]} 40. g4 {[%clk 0:01:04]} Ba4
{[%clk 0:00:14]} 41. g5 {[%clk 0:01:02]} Bd8 {[%clk 0:00:12]} 42. h4
{[%clk 0:01:02]} Ke6 {[%clk 0:00:11]} 43. Bc4+ {[%clk 0:01:02]} Ke7
{[%clk 0:00:10]} 44. Bf6+ {[%clk 0:01:01]} Ke8 {[%clk 0:00:11]} 45. Bxd8
{[%clk 0:01:02]} Kxd8 {[%clk 0:00:12]} 46. Bxf7 {[%clk 0:01:02]} Ke7
{[%clk 0:00:13]} 47. Bg8 {[%clk 0:01:00]} Kf8 {[%clk 0:00:13]} 48. Bd5
{[%clk 0:00:59]} Bd7 {[%clk 0:00:13]} 49. Ke3 {[%clk 0:00:59]} Ke7
{[%clk 0:00:13]} 50. f4 {[%clk 0:00:59]} Bb5 {[%clk 0:00:10]} 51. Kd4
{[%clk 0:00:59]} Kd6 {[%clk 0:00:11]} 52. Bg8 {[%clk 0:00:59]} Kd5+ 1-0

[Event "European Individual Blitz Chess Championship 2016"]
[Site "?"]
[Date "2016.12.17"]
[Round "2.9"]
[White "Auzins, Artis"]
[Black "Leko, Peter"]
[Result "0-1"]
[BlackElo "2697"]
[WhiteElo "2025"]
[LiveChessVersion "1.4.7"]

1. Nf3 {[%clk 0:03:01]} Nf6 {[%clk 0:03:03]} 2. d4 {[%clk 0:03:02]} e6
{[%clk 0:03:04]} 3. Bg5 {[%clk 0:03:02]} h6 {[%clk 0:03:05]} 4. Bh4
{[%clk 0:03:03]} c5 {[%clk 0:03:05]} 5. c3 {[%clk 0:02:58]} Qb6 {[%clk 0:02:55]}
6. Qb3 {[%clk 0:02:58]} g5 {[%clk 0:02:37]} 7. Bg3 {[%clk 0:02:58]} Ne4
{[%clk 0:02:39]} 8. Nbd2 {[%clk 0:02:52]} Nxg3 {[%clk 0:02:38]} 9. hxg3
{[%clk 0:02:52]} Bg7 {[%clk 0:02:38]} 10. e3 {[%clk 0:02:53]} Qc7
{[%clk 0:02:35]} 11. Bd3 {[%clk 0:02:51]} b6 {[%clk 0:02:33]} 12. Qc2
{[%clk 0:02:47]} Bb7 {[%clk 0:02:33]} 13. O-O-O {[%clk 0:02:34]} d6
{[%clk 0:02:28]} 14. Kb1 {[%clk 0:02:19]} Nd7 {[%clk 0:02:29]} 15. Rhe1
{[%clk 0:02:17]} a6 {[%clk 0:02:30]} 16. Be4 {[%clk 0:02:09]} d5 {[%clk 0:02:17]}
17. Bd3 {[%clk 0:02:09]} O-O-O {[%clk 0:02:00]} 18. e4 {[%clk 0:01:55]} g4
{[%clk 0:01:57]} 19. Nh2 {[%clk 0:01:31]} cxd4 {[%clk 0:01:36]} 20. cxd4
{[%clk 0:01:23]} Qxc2+ {[%clk 0:01:37]} 21. Bxc2 {[%clk 0:01:23]} h5
{[%clk 0:01:32]} 22. e5 {[%clk 0:01:21]} Nb8 {[%clk 0:01:32]} 23. Nhf1
{[%clk 0:01:19]} Nc6 {[%clk 0:01:32]} 24. Nb3 {[%clk 0:01:19]} a5
{[%clk 0:01:30]} 25. a4 {[%clk 0:01:18]} Nb4 {[%clk 0:01:27]} 26. Bd3
{[%clk 0:01:12]} Nxd3 {[%clk 0:01:26]} 27. Rxd3 {[%clk 0:01:13]} Bc6
{[%clk 0:01:22]} 28. Rc1 {[%clk 0:00:56]} Kd7 {[%clk 0:01:23]} 29. Rdc3
{[%clk 0:00:26]} Rc8 {[%clk 0:01:24]} 30. Nbd2 {[%clk 0:00:12]} Bxa4
{[%clk 0:01:24]} 31. Ne3 {[%clk 0:00:12]} Rxc3 {[%clk 0:01:14]} 32. Rxc3
{[%clk 0:00:13]} Bf8 {[%clk 0:01:11]} 33. Rc1 {[%clk 0:00:11]} Bb4
{[%clk 0:01:09]} 34. Ndf1 {[%clk 0:00:09]} Bb5 {[%clk 0:01:09]} 35. Nc2
{[%clk 0:00:08]} Bd3 {[%clk 0:01:07]} 36. Nfe3 {[%clk 0:00:09]} Rc8
{[%clk 0:01:04]} 37. Rd1 {[%clk 0:00:10]} Bg6 {[%clk 0:01:04]} 38. Rc1
{[%clk 0:00:07]} Bd2 {[%clk 0:01:04]} 39. Rd1 {[%clk 0:00:08]} Bxe3
{[%clk 0:00:56]} 0-1

[Event "European Individual Blitz Chess Championship 2016"]
[Site "?"]
[Date "2016.12.17"]
[Round "3.12"]
[White "Matlakov, Maxim"]
[Black "Agafonov, Yuri"]
[Result "1-0"]
[BlackElo "2258"]
[WhiteElo "2668"]
[LiveChessVersion "1.4.7"]

1. Nf3 {[%clk 0:03:02]} Nf6 {[%clk 0:03:03]} 2. g3 {[%clk 0:03:03]} d5
{[%clk 0:03:04]} 3. Bg2 {[%clk 0:03:04]} Bf5 {[%clk 0:03:04]} 4. c4
{[%clk 0:03:05]} e6 {[%clk 0:03:03]} 5. Qb3 {[%clk 0:03:03]} b6 {[%clk 0:02:53]}
6. O-O {[%clk 0:03:00]} Be7 {[%clk 0:02:39]} 7. Nc3 {[%clk 0:03:01]} c6
{[%clk 0:02:40]} 8. d4 {[%clk 0:02:45]} h6 {[%clk 0:02:35]} 9. Bf4
{[%clk 0:02:45]} O-O {[%clk 0:02:33]} 10. Rac1 {[%clk 0:02:45]} Ne4
{[%clk 0:02:17]} 11. Rfd1 {[%clk 0:02:45]} Nxc3 {[%clk 0:02:01]} 12. bxc3
{[%clk 0:02:46]} Nd7 {[%clk 0:01:56]} 13. Qa4 {[%clk 0:02:34]} Qc8
{[%clk 0:01:40]} 14. cxd5 {[%clk 0:02:33]} b5 {[%clk 0:01:29]} 15. Qb3
{[%clk 0:02:29]} exd5 {[%clk 0:01:30]} 16. Nd2 {[%clk 0:02:24]} Nf6
{[%clk 0:01:27]} 17. a4 {[%clk 0:02:21]} a6 {[%clk 0:01:28]} 18. Re1
{[%clk 0:02:08]} Ne4 {[%clk 0:01:16]} 19. Nxe4 {[%clk 0:02:07]} Bxe4
{[%clk 0:01:16]} 20. Bxe4 {[%clk 0:02:07]} dxe4 {[%clk 0:01:17]} 21. c4
{[%clk 0:02:07]} bxa4 {[%clk 0:01:16]} 22. Qxa4 {[%clk 0:02:07]} a5
{[%clk 0:01:18]} 23. d5 {[%clk 0:02:05]} Bb4 {[%clk 0:01:19]} 24. Red1
{[%clk 0:02:05]} cxd5 {[%clk 0:01:11]} 25. cxd5 {[%clk 0:02:06]} Qg4
{[%clk 0:01:12]} 26. d6 {[%clk 0:01:53]} g5 {[%clk 0:00:52]} 27. Be3
{[%clk 0:01:42]} f5 {[%clk 0:00:32]} 28. Rc7 {[%clk 0:01:33]} Rf7
{[%clk 0:00:08]} 29. Qb3 {[%clk 0:01:21]} Raf8 {[%clk 0:00:09]} 30. Rxf7
{[%clk 0:01:20]} Rxf7 31. d7 {[%clk 0:01:21]} 1-0

[Event "European Individual Blitz Chess Championship 2016"]
[Site "?"]
[Date "2016.12.17"]
[Round "3.14"]
[White "Wojtaszek, Radoslaw"]
[Black "Chukavin, Kirill"]
[Result "1-0"]
[BlackElo "2250"]
[WhiteElo "2666"]
[LiveChessVersion "1.4.7"]

1. e4 {[%clk 0:03:03]} c5 {[%clk 0:03:03]} 2. Nc3 {[%clk 0:03:04]} Nc6
{[%clk 0:03:03]} 3. Nf3 {[%clk 0:03:05]} d6 {[%clk 0:02:55]} 4. d4
{[%clk 0:03:05]} cxd4 5. Nxd4 {[%clk 0:03:06]} Nf6 {[%clk 0:02:56]} 6. f3
{[%clk 0:03:07]} e5 {[%clk 0:02:51]} 7. Nb3 {[%clk 0:03:05]} Be7 {[%clk 0:02:49]}
8. Be3 {[%clk 0:03:05]} O-O {[%clk 0:02:45]} 9. Qd2 {[%clk 0:03:06]} a5
{[%clk 0:02:40]} 10. Bb5 {[%clk 0:03:07]} Na7 {[%clk 0:02:38]} 11. Be2
{[%clk 0:03:00]} Nc6 {[%clk 0:02:35]} 12. Bb5 {[%clk 0:02:56]} Na7
{[%clk 0:02:31]} 13. Bd3 {[%clk 0:02:56]} Nc6 {[%clk 0:02:29]} 14. a3
{[%clk 0:02:57]} Be6 {[%clk 0:02:19]} 15. Rd1 {[%clk 0:02:57]} a4
{[%clk 0:01:33]} 16. Nc1 {[%clk 0:02:58]} Qa5 {[%clk 0:01:20]} 17. O-O
{[%clk 0:02:47]} Rfd8 {[%clk 0:01:13]} 18. Qf2 {[%clk 0:02:47]} Nd7
{[%clk 0:01:10]} 19. N1e2 {[%clk 0:02:29]} Nc5 {[%clk 0:01:04]} 20. Nd5
{[%clk 0:01:48]} Bxd5 {[%clk 0:00:50]} 21. exd5 {[%clk 0:01:48]} Nb8
{[%clk 0:00:39]} 22. Bxc5 {[%clk 0:01:45]} Qxc5 {[%clk 0:00:30]} 23. Qxc5
{[%clk 0:01:39]} dxc5 {[%clk 0:00:31]} 24. Nc3 {[%clk 0:01:39]} Nd7
{[%clk 0:00:23]} 25. d6 {[%clk 0:01:40]} Bxd6 {[%clk 0:00:21]} 26. Bxh7+
{[%clk 0:01:33]} Kxh7 {[%clk 0:00:22]} 27. Rxd6 {[%clk 0:01:34]} Nf6
{[%clk 0:00:21]} 28. Rfd1 {[%clk 0:01:33]} Rxd6 {[%clk 0:00:21]} 29. Rxd6
{[%clk 0:01:33]} Kg8 {[%clk 0:00:10]} 30. Kf2 {[%clk 0:01:31]} Ne8
{[%clk 0:00:08]} 31. Rb6 {[%clk 0:01:32]} Rd8 {[%clk 0:00:06]} 32. Rxb7
{[%clk 0:01:22]} Rd2+ {[%clk 0:00:07]} 33. Ke3 {[%clk 0:01:23]} Rxc2
{[%clk 0:00:05]} 34. Rb8 {[%clk 0:01:24]} Kf8 {[%clk 0:00:05]} 35. Nd5
{[%clk 0:01:26]} c4 {[%clk 0:00:03]} 36. Nc7 {[%clk 0:01:25]} Ke7
{[%clk 0:00:04]} 37. Nxe8 {[%clk 0:01:24]} Rxg2 {[%clk 0:00:04]} 38. Nc7
{[%clk 0:01:25]} Rxh2 {[%clk 0:00:04]} 39. Nd5+ {[%clk 0:01:26]} Kd6
{[%clk 0:00:05]} 40. Nc3 {[%clk 0:01:25]} f5 {[%clk 0:00:04]} 41. Nxa4
{[%clk 0:01:08]} f4+ {[%clk 0:00:05]} 42. Ke4 {[%clk 0:01:10]} Re2+
{[%clk 0:00:06]} 43. Kf5 {[%clk 0:01:11]} Re3 {[%clk 0:00:04]} 44. Kg4
{[%clk 0:01:09]} g5 {[%clk 0:00:04]} 45. Nc3 {[%clk 0:01:10]} Ke6
{[%clk 0:00:03]} 46. Rb6+ {[%clk 0:01:09]} Kd5 1-0

[Event "European Individual Blitz Chess Championship 2016"]
[Site "?"]
[Date "2016.12.17"]
[Round "4.2"]
[White "Sivan, Yaacov"]
[Black "Navara, David"]
[Result "0-1"]
[BlackElo "2754"]
[WhiteElo "2280"]
[LiveChessVersion "1.4.7"]

1. e4 {[%clk 0:03:03]} c6 {[%clk 0:02:47]} 2. d4 {[%clk 0:03:01]} d5
{[%clk 0:02:48]} 3. exd5 {[%clk 0:03:02]} cxd5 {[%clk 0:02:48]} 4. c4
{[%clk 0:03:02]} Nf6 {[%clk 0:02:48]} 5. Nc3 {[%clk 0:03:03]} Nc6
{[%clk 0:02:48]} 6. Nf3 {[%clk 0:03:03]} Be6 {[%clk 0:02:41]} 7. c5
{[%clk 0:02:57]} g6 {[%clk 0:02:41]} 8. h3 {[%clk 0:02:30]} Bg7 {[%clk 0:02:40]}
9. Be2 {[%clk 0:02:17]} O-O {[%clk 0:02:37]} 10. O-O {[%clk 0:02:17]} Ne4
{[%clk 0:02:35]} 11. Bb5 {[%clk 0:01:57]} Qc7 {[%clk 0:02:19]} 12. Be3
{[%clk 0:01:51]} Nxc3 {[%clk 0:02:15]} 13. bxc3 {[%clk 0:01:52]} b6
{[%clk 0:02:13]} 14. cxb6 {[%clk 0:01:21]} axb6 {[%clk 0:02:12]} 15. a4
{[%clk 0:01:18]} Na5 {[%clk 0:02:08]} 16. Rc1 {[%clk 0:01:10]} Nc4
{[%clk 0:02:03]} 17. Nd2 {[%clk 0:01:00]} Nxe3 {[%clk 0:01:55]} 18. fxe3
{[%clk 0:01:02]} Bh6 {[%clk 0:01:54]} 19. Qe2 {[%clk 0:01:01]} Bd7
{[%clk 0:01:54]} 20. c4 {[%clk 0:00:47]} Bxb5 {[%clk 0:01:51]} 21. axb5
{[%clk 0:00:49]} Ra3 {[%clk 0:01:49]} 22. Rf3 {[%clk 0:00:45]} e5
{[%clk 0:01:44]} 23. c5 {[%clk 0:00:40]} exd4 {[%clk 0:01:42]} 24. exd4
{[%clk 0:00:41]} Rxf3 {[%clk 0:01:41]} 25. gxf3 {[%clk 0:00:35]} Qg3+
{[%clk 0:01:41]} 26. Kf1 {[%clk 0:00:29]} Qxh3+ {[%clk 0:01:39]} 27. Kg1
{[%clk 0:00:26]} Qg3+ {[%clk 0:01:27]} 28. Kf1 {[%clk 0:00:28]} Bxd2
{[%clk 0:01:26]} 29. Qxd2 {[%clk 0:00:29]} Qxf3+ {[%clk 0:01:25]} 30. Kg1
{[%clk 0:00:25]} Re8 {[%clk 0:00:57]} 31. Rf1 {[%clk 0:00:18]} Qg4+
{[%clk 0:00:54]} 32. Kf2 {[%clk 0:00:07]} Re4 {[%clk 0:00:51]} 33. Ke1 0-1

[Event "European Individual Blitz Chess Championship 2016"]
[Site "?"]
[Date "2016.12.17"]
[Round "4.18"]
[White "Nestor, Kaarel"]
[Black "Ponkratov, Pavel"]
[Result "0-1"]
[BlackElo "2657"]
[WhiteElo "2242"]
[LiveChessVersion "1.4.7"]

1. d4 {[%clk 0:03:03]} Nf6 {[%clk 0:03:03]} 2. Nf3 {[%clk 0:03:04]} c5
{[%clk 0:03:04]} 3. c4 {[%clk 0:03:03]} cxd4 {[%clk 0:03:04]} 4. Nxd4
{[%clk 0:03:04]} Nc6 {[%clk 0:03:06]} 5. Nc3 {[%clk 0:03:03]} e6 {[%clk 0:03:06]}
6. e3 {[%clk 0:02:59]} Bb4 {[%clk 0:03:06]} 7. Bd2 {[%clk 0:03:00]} O-O
{[%clk 0:03:06]} 8. Bd3 {[%clk 0:02:59]} e5 {[%clk 0:02:59]} 9. Nc2
{[%clk 0:02:52]} Bxc3 {[%clk 0:02:57]} 10. Bxc3 {[%clk 0:02:52]} d5
{[%clk 0:02:57]} 11. cxd5 {[%clk 0:02:50]} Nxd5 {[%clk 0:02:54]} 12. Be4
{[%clk 0:01:52]} Be6 {[%clk 0:02:44]} 13. Bxd5 {[%clk 0:01:46]} Bxd5
{[%clk 0:02:42]} 14. O-O {[%clk 0:01:42]} a5 {[%clk 0:02:42]} 15. Qg4
{[%clk 0:01:28]} Be6 {[%clk 0:02:40]} 16. Qg3 {[%clk 0:01:27]} Bf5
{[%clk 0:02:27]} 17. Rfd1 {[%clk 0:01:19]} Qe7 {[%clk 0:02:28]} 18. Ne1
{[%clk 0:01:20]} Rac8 {[%clk 0:02:23]} 19. Nf3 {[%clk 0:01:17]} f6
{[%clk 0:02:24]} 20. Nh4 {[%clk 0:01:12]} Be6 {[%clk 0:02:25]} 21. f4
{[%clk 0:01:05]} exf4 {[%clk 0:02:21]} 22. exf4 {[%clk 0:01:06]} b5
{[%clk 0:02:17]} 23. f5 {[%clk 0:00:44]} Bf7 {[%clk 0:01:51]} 24. Re1
{[%clk 0:00:23]} Qc7 {[%clk 0:01:46]} 25. Qg4 {[%clk 0:00:14]} Bd5
{[%clk 0:01:28]} 26. Rad1 {[%clk 0:00:15]} Bxa2 {[%clk 0:01:25]} 27. Ra1
{[%clk 0:00:16]} Bb3 {[%clk 0:01:19]} 28. Re3 {[%clk 0:00:16]} Qb6
{[%clk 0:01:16]} 29. Rae1 {[%clk 0:00:16]} Rce8 {[%clk 0:01:15]} 30. Bd2
{[%clk 0:00:13]} Ne5 {[%clk 0:01:06]} 31. Qg3 {[%clk 0:00:10]} Nc4
{[%clk 0:01:07]} 32. Bxa5 {[%clk 0:00:08]} Rxe3 {[%clk 0:01:00]} 33. Bxb6
{[%clk 0:00:08]} Rxg3 {[%clk 0:01:01]} 34. hxg3 {[%clk 0:00:09]} Nxb6
{[%clk 0:01:02]} 35. Re7 {[%clk 0:00:10]} Nd5 {[%clk 0:01:02]} 36. Rb7
{[%clk 0:00:10]} Bc4 {[%clk 0:01:03]} 37. g4 {[%clk 0:00:11]} Ne3
{[%clk 0:01:03]} 38. Nf3 {[%clk 0:00:10]} Nxg4 {[%clk 0:01:04]} 39. Nd4
{[%clk 0:00:11]} Re8 {[%clk 0:01:03]} 40. g3 {[%clk 0:00:10]} Re1+
{[%clk 0:01:03]} 0-1

[Event "European Individual Blitz Chess Championship 2016"]
[Site "?"]
[Date "2016.12.17"]
[Round "4.22"]
[White "Maisuradze, Nino"]
[Black "Cvitan, Ognjen"]
[Result "0-1"]
[BlackElo "2647"]
[WhiteElo "2225"]
[LiveChessVersion "1.4.7"]

1. d4 {[%clk 0:02:19]} Nf6 {[%clk 0:03:02]} 2. c4 {[%clk 0:02:21]} e6
{[%clk 0:03:03]} 3. Nc3 {[%clk 0:02:23]} Bb4 4. e3 O-O 5. Nge2 d5
{[%clk 0:03:04]} 6. a3 {[%clk 0:02:25]} Be7 {[%clk 0:03:03]} 7. cxd5
{[%clk 0:02:04]} exd5 {[%clk 0:03:03]} 8. Nf4 {[%clk 0:02:06]} Re8
{[%clk 0:03:00]} 9. Bd3 {[%clk 0:02:07]} c6 {[%clk 0:03:00]} 10. O-O
{[%clk 0:02:08]} Nbd7 {[%clk 0:03:01]} 11. f3 {[%clk 0:02:03]} Nf8
{[%clk 0:02:57]} 12. b4 {[%clk 0:01:54]} Ne6 {[%clk 0:02:48]} 13. Nce2
{[%clk 0:01:48]} a5 {[%clk 0:02:46]} 14. Rb1 {[%clk 0:01:48]} axb4 15. axb4 b6
{[%clk 0:02:31]} 16. Nxe6 {[%clk 0:01:50]} Bxe6 {[%clk 0:02:29]} 17. e4
{[%clk 0:01:49]} dxe4 {[%clk 0:02:22]} 18. fxe4 {[%clk 0:01:51]} Bg4
{[%clk 0:02:21]} 19. Be3 {[%clk 0:01:50]} Bh5 {[%clk 0:01:58]} 20. Kh1
{[%clk 0:01:50]} Bg6 {[%clk 0:01:56]} 21. Ng3 {[%clk 0:01:51]} Ra3
{[%clk 0:01:49]} 22. b5 c5 {[%clk 0:01:44]} 23. d5 {[%clk 0:01:38]} Nxd5
{[%clk 0:01:42]} 24. Bc1 {[%clk 0:01:33]} Nc3 {[%clk 0:01:40]} 25. Qg4
{[%clk 0:01:15]} Qxd3 {[%clk 0:01:21]} 26. Bxa3 {[%clk 0:01:02]} Nxb1
{[%clk 0:01:22]} 27. Bb2 {[%clk 0:01:03]} Nd2 {[%clk 0:01:18]} 28. Rd1
{[%clk 0:00:56]} Nxe4 {[%clk 0:01:17]} 29. Nxe4 {[%clk 0:00:15]} Qxe4
{[%clk 0:01:18]} 30. Qd7 {[%clk 0:00:15]} Bf8 {[%clk 0:01:15]} 31. h3
{[%clk 0:00:11]} Qe2 {[%clk 0:01:04]} 32. Rd2 {[%clk 0:00:09]} Qe6
{[%clk 0:01:01]} 33. Qc6 {[%clk 0:00:05]} Qxc6 34. bxc6 Rc8 {[%clk 0:00:57]} 35.
Be5 {[%clk 0:00:04]} Rxc6 {[%clk 0:00:53]} 36. Rd8 {[%clk 0:00:06]} f6 37. Bc3 b5
{[%clk 0:00:49]} 38. Kg1 {[%clk 0:00:08]} b4 {[%clk 0:00:51]} 39. Bb2
{[%clk 0:00:10]} c4 {[%clk 0:00:52]} 40. Rb8 {[%clk 0:00:11]} c3 {[%clk 0:00:52]}
41. Bc1 {[%clk 0:00:13]} Bf7 {[%clk 0:00:52]} 42. Kf2 {[%clk 0:00:13]} b3
{[%clk 0:00:50]} 43. g4 {[%clk 0:00:13]} b2 {[%clk 0:00:51]} 44. Bxb2
{[%clk 0:00:14]} cxb2 45. Rxb2 {[%clk 0:00:15]} h5 {[%clk 0:00:52]} 46. gxh5
{[%clk 0:00:15]} Bxh5 {[%clk 0:00:53]} 47. h4 {[%clk 0:00:17]} Bf7
{[%clk 0:00:54]} 48. h5 {[%clk 0:00:17]} Bxh5 49. Kg3 Bf7 {[%clk 0:00:53]} 50.
Kg4 {[%clk 0:00:19]} g6 {[%clk 0:00:53]} 51. Kf3 {[%clk 0:00:19]} Kg7
{[%clk 0:00:55]} 52. Kg4 {[%clk 0:00:20]} Rc4+ {[%clk 0:00:56]} 53. Kg3
{[%clk 0:00:22]} Bd6+ {[%clk 0:00:57]} 54. Kf3 {[%clk 0:00:23]} Be5
{[%clk 0:00:58]} 55. Rb5 {[%clk 0:00:21]} g5 {[%clk 0:00:58]} 56. Kg2
{[%clk 0:00:20]} Kg6 {[%clk 0:00:59]} 57. Kf2 {[%clk 0:00:22]} Be6
{[%clk 0:00:59]} 58. Kg2 {[%clk 0:00:23]} Bf5 {[%clk 0:01:00]} 59. Kf2
{[%clk 0:00:25]} Be4 {[%clk 0:01:01]} 60. Kf1 {[%clk 0:00:24]} Kf5
{[%clk 0:01:02]} 61. Kg1 {[%clk 0:00:25]} g4 {[%clk 0:01:03]} 62. Kf1
{[%clk 0:00:26]} Rc2 {[%clk 0:01:02]} 63. Kg1 {[%clk 0:00:27]} g3
{[%clk 0:01:02]} 64. Kf1 {[%clk 0:00:25]} Bd3+ {[%clk 0:01:02]} 65. Kg1
{[%clk 0:00:25]} Bxb5 {[%clk 0:00:59]} 0-1

[Event "European Individual Blitz Chess Championship 2016"]
[Site "?"]
[Date "2016.12.17"]
[Round "4.24"]
[White "Kobalia, Mikhail"]
[Black "Kanep, Siim"]
[Result "1-0"]
[BlackElo "2224"]
[WhiteElo "2625"]
[LiveChessVersion "1.4.7"]

1. e4 {[%clk 0:03:03]} c5 {[%clk 0:03:02]} 2. Nf3 {[%clk 0:03:04]} d6
{[%clk 0:03:04]} 3. Bb5+ {[%clk 0:03:05]} Nd7 {[%clk 0:03:00]} 4. O-O
{[%clk 0:03:05]} Ngf6 {[%clk 0:03:01]} 5. Re1 {[%clk 0:03:04]} a6
{[%clk 0:02:56]} 6. Bf1 {[%clk 0:03:05]} e5 {[%clk 0:02:53]} 7. c3
{[%clk 0:03:05]} Be7 {[%clk 0:02:52]} 8. d4 {[%clk 0:03:06]} cxd4
{[%clk 0:02:48]} 9. cxd4 {[%clk 0:03:08]} O-O {[%clk 0:02:45]} 10. Nc3
{[%clk 0:03:09]} b5 {[%clk 0:02:44]} 11. h3 {[%clk 0:03:07]} Bb7 {[%clk 0:02:45]}
12. a3 {[%clk 0:03:07]} Rc8 {[%clk 0:02:44]} 13. d5 {[%clk 0:02:54]} Re8
{[%clk 0:02:25]} 14. Bd2 {[%clk 0:02:54]} Bf8 {[%clk 0:02:16]} 15. b4
{[%clk 0:02:55]} Nb6 {[%clk 0:02:16]} 16. a4 {[%clk 0:02:55]} bxa4
{[%clk 0:02:02]} 17. Nxa4 {[%clk 0:02:56]} Nc4 {[%clk 0:01:23]} 18. Bg5
{[%clk 0:02:55]} Be7 {[%clk 0:00:54]} 19. Qb3 {[%clk 0:02:55]} Nb6
{[%clk 0:00:49]} 20. Nxb6 {[%clk 0:02:56]} Qxb6 {[%clk 0:00:49]} 21. Be3
{[%clk 0:02:56]} Qd8 {[%clk 0:00:41]} 22. Nd2 {[%clk 0:02:57]} Ra8
{[%clk 0:00:30]} 23. Nc4 {[%clk 0:02:56]} Nd7 {[%clk 0:00:17]} 24. Na5
{[%clk 0:02:56]} Qc7 {[%clk 0:00:06]} 25. Rec1 {[%clk 0:02:56]} Qb8
{[%clk 0:00:07]} 26. Nc6 {[%clk 0:02:57]} Bxc6 {[%clk 0:00:05]} 27. dxc6
{[%clk 0:02:56]} Nf6 {[%clk 0:00:04]} 28. Bc4 {[%clk 0:02:43]} Rf8
{[%clk 0:00:04]} 29. Bd5 {[%clk 0:02:45]} Bd8 {[%clk 0:00:04]} 30. Rxa6
{[%clk 0:02:40]} Rxa6 {[%clk 0:00:03]} 31. b5 {[%clk 0:02:41]} Rb6
{[%clk 0:00:04]} 32. Rb1 {[%clk 0:02:35]} Nxd5 {[%clk 0:00:03]} 33. exd5
{[%clk 0:02:36]} f5 {[%clk 0:00:04]} 34. f3 {[%clk 0:02:35]} f4 {[%clk 0:00:06]}
35. Bf2 {[%clk 0:02:37]} Bc7 {[%clk 0:00:07]} 36. Qa4 {[%clk 0:02:37]} Qa8
{[%clk 0:00:08]} 37. Qc2 {[%clk 0:02:25]} Qa5 {[%clk 0:00:08]} 38. Bxb6
{[%clk 0:02:25]} Bxb6+ {[%clk 0:00:09]} 39. Kh2 {[%clk 0:02:27]} Bc7
{[%clk 0:00:09]} 40. Qb3 {[%clk 0:02:25]} Qb6 {[%clk 0:00:10]} 41. Ra1
{[%clk 0:02:25]} Rb8 {[%clk 0:00:11]} 42. Qd3 {[%clk 0:02:19]} Qc5
{[%clk 0:00:10]} 43. Qf5 {[%clk 0:02:18]} Qxd5 {[%clk 0:00:09]} 44. Ra7
{[%clk 0:02:15]} Bd8 1-0